Logo BPK

Biblioteka

Politechniki Koszalińskiej

Drgania układów mechanicznych. (Rekord nr 6560)

Szczegóły MARC
000 -ETYKIETA REKORDU
podpole kontrolne o stałej długości 00576nam a2200181 i 4500
001 - NUMER KONTROLNY REKORDU
pole kontrolne bg
040 ## - ŹRÓDŁO KATALOGOWANIA
Instytucja, która utworzyła rekord BPK
041 ## - KOD JĘZYKA
Kod języka tekstu pol
008 - POLE O STAŁEJ DŁUGOŚCI - DANE KONTROLNE
podpole kontrolne o stałej długości s pl f |000 0 pol
100 1# - NAZWA OSOBOWA
Nazwa osobowa Kruszewski, Jan.
245 #0 - TYTUŁ/ODPOWIEDZIALNOŚĆ
Tytuł Drgania układów mechanicznych.
Oznaczenie części/sekcji dzieła T.2,
Tytuł części/sekcji dzieła Zagadnienia wybrane /
Pozostałe elementy strefy tytułu i oznaczenia odpowiedzialności Jan Kruszawski, Edmund Witbrodt, Zbigniew Walczyk.
260 ## - STREFA ADRESU WYDAWNICZEGO
Miejsce wydania Warszawa :
Nazwa wydawcy/dystrybutora Wydawnictwa Naukowo-Techniczne,
Data publikacji, dystrybucji/powstania dokumentu 1993.
490 1# - STREFA SERII I DOKUMENTU WIELOCZĘŚCIOWEGO - FORMA NIE DO WYSZUKIWANIA
Tytuł i oznaczenie odpowiedzialności serii Wspomaganie komputerowe CAD CAM
700 1# - HASŁO DODATKOWE - NAZWA OSOBOWA
Nazwa osobowa Wittbrodt, Edmund.
700 1# - HASŁO DODATKOWE - NAZWA OSOBOWA
Nazwa osobowa Walczyk, Zbigniew.
830 ## - HASŁO DODATKOWE SERII LUB DOKUMENTU WIELOCZĘŚCIOWEGO - TYTUŁ UJEDNOLICONY
Tytuł ujednolicony Wspomaganie komputerowe CAD CAM
856 ## - LOKALIZACJA I DOSTĘP DO ELEKTRONICZNYCH DOKUMENTÓW ZDALNYCH
Link (URL) http://koha.tu.koszalin.pl/cgi-bin/koha/opac-detail.pl?biblionumber=6560
Tekst linku Katalog online BPK
942 ## - DODATKOWE ELEMENTY (KOHA)
Typ dokumentu Książka
Egzemplarze
Wycofany Status egzemplarza Uszkodzony Dostępność Lokalizacja stała Lokalizacja bieżąca Miejsce przechowywania Sygnatura Kod kreskowy Typ dokumentu
      Dostępny Biblioteka Politechniki Koszalińskiej Biblioteka Politechniki Koszalińskiej Wypożyczalnia BG P 47813 01627008 Książka
© 2023 Biblioteka Politechniki Koszalińskiej :: KOHA